[Event "World Corporate East A"]
[Site "Chess.com INT"]
[Date "2021.02.20"]
[Round "6.8"]
[White "Furtak, Joanna"]
[Black "Lukyanov, Artiom"]
[Result "1-0"]
[WhiteElo "1868"]
[BlackElo "2159"]
[PlyCount "85"]
[EventDate "2021.02.19"]
[EventType "team (rapid)"]
[EventRounds "7"]
[EventCountry "USA"]
[SourceTitle "EXT 2022"]
[Source "ChessBase"]
[SourceDate "2021.10.06"]
[SourceVersion "1"]
[SourceVersionDate "2021.10.06"]
[SourceQuality "1"]
[WhiteTeam "Sabre"]
[BlackTeam "Samaranipineft"]
[WhiteTeamCountry "POL"]
[BlackTeamCountry "RUS"]

1. e4 c5 2. Nf3 d6 3. d4 cxd4 4. Nxd4 Nf6 5. Nc3 a6 6. h3 e5 7. Nde2 Nc6 8. g4 h6 9. Bg2 Be6 10. 0-0 Be7 11. Ng3 Qc7 12. Nd5 Bxd5 13. exd5 Na7 14. Nf5 Bf8 15. c3 0-0-0 16. a4 Kb8 17. Be3 Nc8 18. a5 g6 19. Ng3 h5 20. g5 Nh7 21. f4 Bg7 22. f5 gxf5 23. Nxf5 Bf8 24. Qxh5 Qd7 25. Qf3 Rg8 26. h4 f6 27. gxf6 Nxf6 28. Nxd6 Bxd6 29. Qxf6 Qg4 30. Bg5 Ka8 31. Qe6 Rxg5 32. hxg5 Bc5+ 33. Rf2 Qg3 34. Qf6 Rf8 35. Qxf8 Bxf8 36. Rxf8 Kb8 37. d6 Qe3+ 38. Kh2 Qd3 39. Raf1 Qxd6 40. R1f7 e4+ 41. Kg1 e3 42. Rxb7+ Ka8 43. Rxc8+ 1-0

[Event "World Corporate East A"]
[Site "Chess.com INT"]
[Date "2021.02.19"]
[Round "2.12"]
[White "Lukyanov, Artiom"]
[Black "Kanarkiewicz, Michal"]
[Result "0-1"]
[WhiteElo "2159"]
[BlackElo "2096"]
[PlyCount "76"]
[EventDate "2021.02.19"]
[EventType "team (rapid)"]
[EventRounds "7"]
[EventCountry "USA"]
[SourceTitle "EXT 2022"]
[Source "ChessBase"]
[SourceDate "2021.10.06"]
[SourceVersion "1"]
[SourceVersionDate "2021.10.06"]
[SourceQuality "1"]
[WhiteTeam "Samaranipineft"]
[BlackTeam "BNP Paribas"]
[WhiteTeamCountry "RUS"]
[BlackTeamCountry "POL"]

1. e4 c5 2. Nf3 d6 3. c3 Nf6 4. d3 Nc6 5. Be2 g6 6. 0-0 Bg7 7. Bg5 0-0 8. Qc1 e5 9. Na3 Be6 10. h3 Rb8 11. Nc2 b5 12. Bh6 Nh5 13. Bg5 Qd7 14. Nh2 Nf6 15. f4 exf4 16. Bxf4 b4 17. Bh6 d5 18. Qf4 Ne8 19. Bxg7 Nxg7 20. e5 bxc3 21. bxc3 Rb2 22. Bd1 d4 23. c4 Qc7 24. Re1 Bf5 25. Na3 a6 26. Bf3 Re8 27. Bd5 Nb4 28. Be4 Qxe5 29. Qxe5 Rxe5 30. Bxf5 Rxe1+ 31. Rxe1 Nxf5 32. Rd1 Ne3 33. Rb1 Rxg2+ 34. Kh1 Rxa2 35. Rb3 Ra1+ 36. Nb1 Na2 37. Nf3 Nc3 38. Rb8+ Kg7 0-1

[Event "Samara Polugaevsky Memorial 1st"]
[Site "Samara"]
[Date "2011.07.05"]
[Round "1"]
[White "Kokarev, Dmitry"]
[Black "Lukyanov, Artiom"]
[Result "1-0"]
[WhiteElo "2596"]
[BlackElo "2133"]
[PlyCount "59"]
[EventDate "2011.07.05"]
[EventType "swiss"]
[EventRounds "9"]
[EventCountry "RUS"]
[SourceTitle "CBM 143 Extra"]
[Source "ChessBase"]
[SourceDate "2011.08.29"]
[SourceVersion "1"]
[SourceVersionDate "2011.08.29"]
[SourceQuality "1"]

1. e4 c5 2. Nf3 d6 3. d4 cxd4 4. Nxd4 Nf6 5. Nc3 a6 6. Bg5 e6 7. f4 Qb6 8. Nb3 Nc6 9. Qd2 Ng4 10. Bd3 h6 11. Bh4 g5 12. fxg5 Be7 13. 0-0-0 hxg5 14. Bg3 Bd7 15. Rhf1 Nge5 16. Kb1 Qc7 17. Qf2 0-0-0 18. Qg1 Rdf8 19. Be2 Rh7 20. Na4 Kb8 21. Nb6 Be8 22. Rd2 Rfh8 23. Rfd1 g4 24. c4 f6 25. c5 dxc5 26. Nxc5 Bxc5 27. Qxc5 Bg6 28. Rd7 Bxe4+ 29. Ka1 Rd8 30. Rxc7 1-0

[Event "Uljanovsk Privolje op"]
[Site "Uljanovsk"]
[Date "2011.02.05"]
[Round "8"]
[White "Bakunin, Damir"]
[Black "Lukyanov, Artiom"]
[Result "1/2-1/2"]
[WhiteElo "2005"]
[BlackElo "2131"]
[PlyCount "102"]
[EventDate "2011.02.01"]
[EventType "swiss"]
[EventRounds "9"]
[EventCountry "RUS"]
[SourceTitle "CBM 140 Extra"]
[Source "ChessBase"]
[SourceDate "2011.03.01"]
[SourceVersion "1"]
[SourceVersionDate "2011.03.01"]
[SourceQuality "1"]

1. c4 e5 2. Nc3 Nc6 3. g3 f5 4. Bg2 Nf6 5. e3 d5 6. Nxd5 Nxd5 7. cxd5 Nb4 8. e4 Nd3+ 9. Ke2 Nc5 10. d4 exd4 11. Qxd4 fxe4 12. Qe5+ Qe7 13. Bf4 Bg4+ 14. Ke3 0-0-0 15. b4 Qxe5 16. Bxe5 Nd3 17. Bd4 Nxb4 18. Bxe4 Nxd5+ 19. Bxd5 Rxd5 20. f3 Be6 21. Ne2 Bc5 22. Rhd1 Rhd8 23. Rd2 Bxd4+ 24. Rxd4 Rxd4 25. Nxd4 Bd7 26. g4 Re8+ 27. Kf4 c5 28. Nf5 Rf8 29. Ke5 Bxf5 30. gxf5 Kd7 31. Rg1 Rf7 32. Rg4 b5 33. f6 gxf6+ 34. Kd5 c4 35. Kc5 a6 36. a4 Re7 37. axb5 Re5+ 38. Kxc4 axb5+ 39. Kd4 Ke6 40. Rg7 h6 41. Rh7 Rh5 42. Rb7 Rh4+ 43. Ke3 b4 44. Rb6+ Kf5 45. Rb5+ Kg6 46. f4 Rh3+ 47. Ke4 Rb3 48. h4 f5+ 49. Kd4 Rf3 50. Rb6+ Kh5 51. Ke5 Kxh4 1/2-1/2

[Event "Uljanovsk Privolje op"]
[Site "Uljanovsk"]
[Date "2011.02.03"]
[Round "4"]
[White "Lukyanov, Artiom"]
[Black "Galiev, Azat"]
[Result "0-1"]
[WhiteElo "2131"]
[BlackElo "2267"]
[PlyCount "70"]
[EventDate "2011.02.01"]
[EventType "swiss"]
[EventRounds "9"]
[EventCountry "RUS"]
[SourceTitle "CBM 140 Extra"]
[Source "ChessBase"]
[SourceDate "2011.03.01"]
[SourceVersion "1"]
[SourceVersionDate "2011.03.01"]
[SourceQuality "1"]

1. e4 e5 2. Nf3 Nc6 3. Bc4 Bc5 4. 0-0 d6 5. c3 Bg4 6. d3 Qd7 7. Re1 Bb6 8. b4 Nxb4 9. Nbd2 Nc6 10. Nf1 Na5 11. Bb3 Nxb3 12. axb3 Ne7 13. Ng3 0-0 14. Be3 f5 15. Bxb6 fxe4 16. dxe4 Bxf3 17. gxf3 axb6 18. Rxa8 Rxa8 19. Qd2 Rf8 20. Qd3 Qe6 21. c4 Ng6 22. Qd5 Nf4 23. Qxe6+ Nxe6 24. Nf5 g6 25. Ne7+ Kg7 26. Nd5 Rxf3 27. b4 Ra3 28. Rb1 Kh6 29. Kf1 Kg5 30. c5 bxc5 31. bxc5 c6 32. cxd6 cxd5 33. exd5 Nf4 34. Ke1 Rd3 35. h4+ Kf6 0-1

[Event "Uljanovsk Privolje op"]
[Site "Uljanovsk"]
[Date "2011.02.02"]
[Round "3"]
[White "Lukyanov, Artiom"]
[Black "Saveliev, Dmitri"]
[Result "1/2-1/2"]
[WhiteElo "2131"]
[BlackElo "2173"]
[PlyCount "62"]
[EventDate "2011.02.01"]
[EventType "swiss"]
[EventRounds "9"]
[EventCountry "RUS"]
[SourceTitle "CBM 140 Extra"]
[Source "ChessBase"]
[SourceDate "2011.03.01"]
[SourceVersion "1"]
[SourceVersionDate "2011.03.01"]
[SourceQuality "1"]

1. e4 d6 2. d4 Nf6 3. Nc3 g6 4. Nf3 Nc6 5. Be2 Bg4 6. Be3 e5 7. dxe5 Bxf3 8. exf6 Bxe2 9. Qxe2 Qxf6 10. Qb5 Kd7 11. Nd5 Qd8 12. Bg5 Qc8 13. Qb3 h6 14. Qc3 Be7 15. Bxe7 Nxe7 16. 0-0-0 Nxd5 17. Rxd5 c6 18. Rd2 Kc7 19. e5 d5 20. Rxd5 Qe6 21. Rhd1 Rac8 22. Kb1 Rhe8 23. f4 g5 24. g3 gxf4 25. gxf4 Rg8 26. Rd6 Qf5 27. Qd4 Kb8 28. a3 Rg2 29. Rd7 Rc7 30. Rd8+ Rc8 31. Rd2 Rg8 1/2-1/2

[Event "Uljanovsk op"]
[Site "Uljanovsk"]
[Date "2010.02.14"]
[Round "9"]
[White "Mironov, Vitaly Viktorovich"]
[Black "Lukyanov, Artiom"]
[Result "0-1"]
[WhiteElo "1743"]
[BlackElo "2121"]
[PlyCount "74"]
[EventDate "2010.02.06"]
[EventType "swiss"]
[EventRounds "9"]
[EventCountry "RUS"]
[SourceTitle "CBM 134 Extra"]
[Source "ChessBase"]
[SourceDate "2010.03.03"]
[SourceVersion "1"]
[SourceVersionDate "2010.03.03"]
[SourceQuality "1"]

1. d4 e6 2. c4 f5 3. Nf3 Nf6 4. Nc3 d5 5. g3 c6 6. Bg2 Bd6 7. cxd5 exd5 8. 0-0 0-0 9. Bf4 Ne4 10. e3 Bxf4 11. gxf4 Be6 12. Ne5 Nd7 13. f3 Nxe5 14. fxe5 Nxc3 15. bxc3 f4 16. e4 Rc8 17. Qd2 Qa5 18. Rf2 Rcd8 19. Rb1 Rd7 20. Bf1 a6 21. Bd3 Kh8 22. Qc2 g5 23. Rg2 Rg7 24. Kh1 Bh3 25. Rgg1 Qd8 26. exd5 cxd5 27. Bf1 Be6 28. Bd3 Qe8 29. Rb6 g4 30. fxg4 Bxg4 31. Qf2 Qh5 32. Rf1 Bh3 33. Be2 Qf5 34. Rf6 Rxf6 35. exf6 Bg2+ 36. Kg1 Qxf6 37. Re1 Be4+ 0-1

[Event "Uljanovsk op"]
[Site "Uljanovsk"]
[Date "2010.02.11"]
[Round "6"]
[White "Lukyanov, Artiom"]
[Black "Yarullina, Alina"]
[Result "1/2-1/2"]
[WhiteElo "2121"]
[BlackElo "2058"]
[PlyCount "37"]
[EventDate "2010.02.06"]
[EventType "swiss"]
[EventRounds "9"]
[EventCountry "RUS"]
[SourceTitle "CBM 134 Extra"]
[Source "ChessBase"]
[SourceDate "2010.03.03"]
[SourceVersion "1"]
[SourceVersionDate "2010.03.03"]
[SourceQuality "1"]

1. e4 g6 2. d4 Bg7 3. Nc3 c6 4. Nf3 d5 5. Be2 Bg4 6. Be3 Nf6 7. h3 Bxf3 8. Bxf3 dxe4 9. Nxe4 Nxe4 10. Bxe4 0-0 11. c3 Nd7 12. 0-0 Qc7 13. Qb3 Rad8 14. Bf3 Nb6 15. Rfe1 h6 16. a4 Rd7 17. g3 Nd5 18. Bd2 e6 19. Bxd5 1/2-1/2

[Event "Uljanovsk op"]
[Site "Uljanovsk"]
[Date "2010.02.10"]
[Round "5"]
[White "Akayomov, Konstantin"]
[Black "Lukyanov, Artiom"]
[Result "1/2-1/2"]
[WhiteElo "1986"]
[BlackElo "2121"]
[PlyCount "60"]
[EventDate "2010.02.06"]
[EventType "swiss"]
[EventRounds "9"]
[EventCountry "RUS"]
[SourceTitle "CBM 134 Extra"]
[Source "ChessBase"]
[SourceDate "2010.03.03"]
[SourceVersion "1"]
[SourceVersionDate "2010.03.03"]
[SourceQuality "1"]

1. e4 c5 2. Nf3 d6 3. c3 Nf6 4. Be2 Nc6 5. d4 cxd4 6. cxd4 Nxe4 7. d5 Qa5+ 8. Nc3 Nxc3 9. bxc3 Nb8 10. 0-0 Nd7 11. Be3 Nc5 12. Re1 Bd7 13. Rb1 Rb8 14. Nd4 Rc8 15. Bb5 Qc7 16. Qf3 a6 17. Bxd7+ Qxd7 18. Bg5 f6 19. Bf4 Kd8 20. Ne6+ Nxe6 21. dxe6 Qc6 22. Qxc6 bxc6 23. Rb7 Rc7 24. Rb8+ Rc8 25. Reb1 g5 26. Be3 c5 27. R8b7 Rc7 28. Rb8+ Rc8 29. R8b7 Rc7 30. Rb8+ Rc8 1/2-1/2

[Event "RUS-ch Students"]
[Site "Belgorod"]
[Date "2009.10.13"]
[Round "9"]
[White "Lukyanov, Artiom"]
[Black "Kljucharev, Sergey"]
[Result "0-1"]
[WhiteElo "2090"]
[BlackElo "2407"]
[PlyCount "60"]
[EventDate "2009.10.05"]
[EventType "swiss"]
[EventRounds "9"]
[EventCountry "RUS"]
[SourceTitle "EXT 2010"]
[Source "ChessBase"]
[SourceDate "2010.11.25"]
[SourceVersion "1"]
[SourceVersionDate "2010.11.25"]
[SourceQuality "1"]

1. e4 c5 2. Nf3 e6 3. d4 cxd4 4. Nxd4 Nf6 5. Nc3 Nc6 6. Ndb5 d6 7. Bf4 e5 8. Bg5 a6 9. Na3 b5 10. Bxf6 gxf6 11. Nd5 f5 12. Bxb5 axb5 13. Nxb5 Ra7 14. Nxa7 Nxa7 15. c3 Nc6 16. exf5 Rg8 17. g3 Bb7 18. 0-0 Rg5 19. b4 Rxf5 20. Qd3 Qc8 21. f3 Be7 22. a4 Bd8 23. a5 Rh5 24. a6 Ba8 25. b5 Na5 26. g4 e4 27. fxe4 Qxg4+ 28. Qg3 Rg5 29. Qxg4 Rxg4+ 30. Kf2 Rxe4 0-1

[Event "RUS-ch Students"]
[Site "Belgorod"]
[Date "2009.10.06"]
[Round "2"]
[White "Muslimova, Yana"]
[Black "Lukyanov, Artiom"]
[Result "0-1"]
[WhiteElo "1697"]
[BlackElo "2090"]
[PlyCount "88"]
[EventDate "2009.10.05"]
[EventType "swiss"]
[EventRounds "9"]
[EventCountry "RUS"]
[SourceTitle "EXT 2010"]
[Source "ChessBase"]
[SourceDate "2010.11.25"]
[SourceVersion "1"]
[SourceVersionDate "2010.11.25"]
[SourceQuality "1"]

1. e4 c5 2. Nf3 d6 3. Bc4 Nf6 4. d3 e6 5. Bg5 Be7 6. e5 dxe5 7. Nxe5 0-0 8. 0-0 Qd4 9. Qe1 Qxb2 10. Nc3 Qb6 11. Rb1 Qd8 12. Qe3 Nbd7 13. Bxf6 Nxf6 14. Rfe1 a6 15. Qf3 Qc7 16. Na4 Bd6 17. Nb6 Rb8 18. Nxc8 Bxe5 19. Nb6 Bxh2+ 20. Kf1 Bd6 21. Qh3 Rfe8 22. g4 Nd7 23. Nxd7 Qxd7 24. g5 b5 25. Bb3 Rbc8 26. c4 Bf4 27. Qg4 Qxd3+ 28. Kg1 Qf5 29. Qxf5 exf5 30. Rxe8+ Rxe8 31. cxb5 axb5 32. Bc2 b4 33. Bxf5 Re5 34. Rd1 g6 35. Bc2 Rxg5+ 36. Kf1 h5 37. Bb3 h4 38. Ke2 h3 39. Rh1 h2 40. Kf1 Re5 41. Kg2 Re4 42. Kf3 Rd4 43. Bc2 Kg7 44. Be4 f5 0-1

[Event "Uljanovsk op"]
[Site "Uljanovsk"]
[Date "2009.08.28"]
[Round "6"]
[White "Lukyanov, Artiom"]
[Black "Olisov, Andrey"]
[Result "1/2-1/2"]
[WhiteElo "2070"]
[BlackElo "2104"]
[PlyCount "73"]
[EventDate "2009.08.26"]
[EventType "swiss"]
[EventRounds "9"]
[EventCountry "RUS"]
[SourceTitle "CBM 132 Extra"]
[Source "ChessBase"]
[SourceDate "2009.11.03"]
[SourceVersion "1"]
[SourceVersionDate "2009.11.03"]
[SourceQuality "1"]

1. e4 e6 2. d4 d5 3. Nd2 c5 4. exd5 Qxd5 5. dxc5 Bxc5 6. Ngf3 Nf6 7. Bc4 Qd6 8. 0-0 0-0 9. Qe2 Nbd7 10. Ne4 Nxe4 11. Qxe4 Qc6 12. Qxc6 bxc6 13. Re1 Bd6 14. Bg5 Nb6 15. Bb3 a5 16. a4 Re8 17. Bd2 c5 18. Be3 Bb7 19. Rad1 Nd5 20. Bg5 Bc7 21. Nd2 h6 22. Bh4 Nb6 23. f3 Ba6 24. c3 c4 25. Bc2 Rab8 26. b3 cxb3 27. Bxb3 Bf4 28. Bg3 Bxg3 29. hxg3 Bd3 30. Ne4 Bxe4 31. Rxe4 Rec8 32. c4 Rc5 33. Rd6 Kf8 34. Rd1 Rbc8 35. Rc1 Ke7 36. f4 Nd7 37. Rce1 1/2-1/2

[Event "Uljanovsk op"]
[Site "Uljanovsk"]
[Date "2009.08.28"]
[Round "5"]
[White "Saveliev, Dmitri"]
[Black "Lukyanov, Artiom"]
[Result "1-0"]
[WhiteElo "2168"]
[BlackElo "2070"]
[PlyCount "61"]
[EventDate "2009.08.26"]
[EventType "swiss"]
[EventRounds "9"]
[EventCountry "RUS"]
[SourceTitle "CBM 132 Extra"]
[Source "ChessBase"]
[SourceDate "2009.11.03"]
[SourceVersion "1"]
[SourceVersionDate "2009.11.03"]
[SourceQuality "1"]

1. e4 c5 2. Nf3 d6 3. d3 Nc6 4. g3 e6 5. Bg2 g6 6. 0-0 Bg7 7. c3 Nge7 8. Nh4 d5 9. f4 dxe4 10. dxe4 Qxd1 11. Rxd1 e5 12. Be3 b6 13. f5 Ba6 14. Na3 0-0 15. Bf1 Bxf1 16. Kxf1 Bf6 17. Rd6 Kg7 18. Bh6+ Kxh6 19. Rxf6 Rad8 20. fxg6 fxg6 21. Rxf8 Rxf8+ 22. Ke2 Kg5 23. Nf3+ Kg4 24. Rf1 Re8 25. Nc4 Nc8 26. Rd1 b5 27. Ne3+ Kh5 28. Rd5 Re6 29. Rxc5 a6 30. Nd5 Kg4 31. Rxc6 1-0

[Event "Uljanovsk op"]
[Site "Uljanovsk"]
[Date "2009.08.26"]
[Round "1"]
[White "Goncharov, Evgeniy"]
[Black "Lukyanov, Artiom"]
[Result "0-1"]
[WhiteElo "1784"]
[BlackElo "2070"]
[PlyCount "69"]
[EventDate "2009.08.26"]
[EventType "swiss"]
[EventRounds "9"]
[EventCountry "RUS"]
[SourceTitle "CBM 132 Extra"]
[Source "ChessBase"]
[SourceDate "2009.11.03"]
[SourceVersion "1"]
[SourceVersionDate "2009.11.03"]
[SourceQuality "1"]

1. d4 e6 2. c4 f5 3. Nc3 Nf6 4. Bg5 Be7 5. e3 0-0 6. Bd3 c6 7. Nf3 d5 8. 0-0 h6 9. Bf4 Ne4 10. Ne5 Qe8 11. f3 Nxc3 12. bxc3 Nd7 13. Nxd7 Bxd7 14. Be5 Bf6 15. Bd6 Rf7 16. f4 Be7 17. Be5 Qf8 18. c5 b6 19. cxb6 axb6 20. c4 Bd6 21. cxd5 exd5 22. Qh5 Ra3 23. Qe2 c5 24. dxc5 Bxe5 25. fxe5 bxc5 26. Qd2 Qe7 27. Rab1 Qxe5 28. Rb3 Ra8 29. Be2 c4 30. Rc3 Rxa2 31. Qxa2 Qxc3 32. Qa8+ Kh7 33. Qxd5 Qxe3+ 34. Kh1 Qxe2 35. Rg1 0-1

[Event "Samara op"]
[Site "Samara"]
[Date "2008.12.08"]
[Round "4"]
[White "Afanasiev, Dmitry"]
[Black "Lukyanov, Artiom"]
[Result "0-1"]
[WhiteElo "1890"]
[BlackElo "2090"]
[PlyCount "72"]
[EventDate "2008.12.05"]
[EventType "swiss"]
[EventRounds "9"]
[EventCountry "RUS"]
[SourceTitle "CBM 127 Extra"]
[Source "ChessBase"]
[SourceDate "2009.01.08"]
[SourceVersion "2"]
[SourceVersionDate "2009.01.28"]
[SourceQuality "1"]

1. e4 c5 2. Nf3 d6 3. d4 cxd4 4. Qxd4 Nc6 5. Bb5 Bd7 6. Bxc6 Bxc6 7. Nc3 e5 8. Qd3 h6 9. Be3 Nf6 10. 0-0-0 Be7 11. h3 Qa5 12. Nd2 0-0 13. f3 Rfd8 14. Nb3 Qc7 15. Nd5 Nxd5 16. exd5 Ba4 17. Rhf1 Rdc8 18. Kb1 a5 19. f4 Qd7 20. Qd2 Bb5 21. Rf3 a4 22. Nc1 e4 23. Rg3 Bf6 24. Bd4 Qe7 25. Re1 Rc4 26. Ne2 Rac8 27. Rc3 Ba6 28. g4 a3 29. Rxa3 Rxc2 30. Qxc2 Rxc2 31. Kxc2 Bxe2 32. Bxf6 Bd3+ 33. Kd2 Qxf6 34. Ke3 Qxb2 35. Ra8+ Kh7 36. f5 Qb6+ 0-1

[Event "RUS-chT U26"]
[Site "Belgorod"]
[Date "2008.10.11"]
[Round "7"]
[White "Kharitonov, Anton"]
[Black "Lukyanov, Artiom"]
[Result "0-1"]
[WhiteElo "1999"]
[BlackElo "2090"]
[PlyCount "66"]
[EventDate "2008.10.05"]
[EventType "team"]
[EventRounds "9"]
[EventCountry "RUS"]
[SourceTitle "EXT 2010"]
[Source "ChessBase"]
[SourceDate "2010.11.25"]
[SourceVersion "1"]
[SourceVersionDate "2010.11.25"]
[SourceQuality "1"]

1. d4 e6 2. c4 f5 3. g3 Nf6 4. Bg2 Be7 5. Nc3 0-0 6. Nf3 c6 7. 0-0 d5 8. cxd5 exd5 9. Rb1 Ne4 10. Ne5 Nd7 11. f3 Nxc3 12. bxc3 Nxe5 13. dxe5 Qc7 14. f4 Be6 15. Qb3 Qb6+ 16. Kh1 Qxb3 17. Rxb3 b5 18. Be3 a5 19. a4 d4 20. cxd4 Bxb3 21. Bxc6 Rad8 22. axb5 Bd5+ 23. Kg1 Bxc6 24. bxc6 Rd5 25. c7 Rc8 26. Rc1 a4 27. Kf2 a3 28. Kf3 a2 29. Ra1 Ra5 30. Bd2 Ra3+ 31. e3 Rxc7 32. d5 Rc2 33. Be1 Bc5 0-1

[Event "Zhigulevskie prostory op"]
[Site "Samara"]
[Date "2008.07.31"]
[Round "7"]
[White "Lukyanov, Artiom"]
[Black "Purygin, Andrei"]
[Result "1-0"]
[WhiteElo "2048"]
[BlackElo "2291"]
[PlyCount "91"]
[EventDate "2008.07.25"]
[EventType "swiss"]
[EventRounds "9"]
[EventCountry "RUS"]
[SourceTitle "EXT 2022"]
[Source "ChessBase"]
[SourceDate "2021.10.06"]
[SourceVersion "1"]
[SourceVersionDate "2021.10.06"]
[SourceQuality "1"]

1. e4 c5 2. Nf3 e6 3. d4 cxd4 4. Nxd4 a6 5. c4 Nc6 6. Nc3 d6 7. Be3 Nf6 8. Be2 Be7 9. 0-0 0-0 10. Rc1 Bd7 11. Nb3 Rc8 12. f4 b6 13. c5 bxc5 14. Bxa6 Rb8 15. Be2 e5 16. fxe5 Nxe5 17. Qc2 Qb6 18. h3 Be6 19. Nb5 Qb7 20. Nd2 Bd7 21. a4 Bc6 22. Bf4 Nxe4 23. Bxe5 dxe5 24. Nxe4 Bxe4 25. Bd3 Bxd3 26. Qxd3 g6 27. Rfe1 Rfd8 28. Qc3 e4 29. Qc4 Bg5 30. Ra1 e3 31. Qxc5 Bh4 32. Re2 Bf2+ 33. Kh1 Rd5 34. Qc1 Rbd8 35. Nc3 Rh5 36. Kh2 Qc7+ 37. Kh1 Qg3 38. Qf1 f5 39. a5 g5 40. Nd1 Rxd1 41. Rxd1 g4 42. Rxf2 exf2 43. Qc4+ Kg7 44. Rd7+ Kg6 45. Qe6+ Kg5 46. Rg7+ 1-0

[Event "Zhigulevskie prostory op"]
[Site "Samara"]
[Date "2008.07.30"]
[Round "6"]
[White "Lukyanov, Artiom"]
[Black "Alachihin, Vladimir"]
[Result "1-0"]
[WhiteElo "2048"]
[BlackElo "2134"]
[PlyCount "88"]
[EventDate "2008.07.25"]
[EventType "swiss"]
[EventRounds "9"]
[EventCountry "RUS"]
[SourceTitle "EXT 2022"]
[Source "ChessBase"]
[SourceDate "2021.10.06"]
[SourceVersion "1"]
[SourceVersionDate "2021.10.06"]
[SourceQuality "1"]

1. e4 e5 2. Nf3 Nf6 3. Nxe5 d6 4. Nf3 Nxe4 5. Qe2 Qe7 6. d3 Nf6 7. Bg5 Qxe2+ 8. Bxe2 Be7 9. Nc3 h6 10. Bh4 0-0 11. 0-0-0 Nc6 12. d4 Re8 13. Rhe1 a6 14. d5 Ne5 15. Nxe5 dxe5 16. Bd3 Bd6 17. Bxf6 gxf6 18. Ne4 Kg7 19. Ng3 Rg8 20. Nh5+ Kf8 21. Nxf6 Rxg2 22. f4 e4 23. Bxe4 Bxf4+ 24. Kb1 Rxh2 25. Bd3 Bh3 26. Rh1 Ke7 27. Nh5 Bd6 28. Rde1+ Kf8 29. Rxh2 Bxh2 30. Rh1 Re8 31. a3 Re5 32. Nf6 Kg7 33. Rxh2 Kxf6 34. Rxh3 h5 35. Rf3+ Kg7 36. c4 h4 37. Kc2 Rh5 38. Bf5 Kh6 39. c5 Kg5 40. d6 cxd6 41. cxd6 Rh8 42. d7 Rd8 43. Bh3 f6 44. Rf5+ Kg6 1-0